书目信息 |
| 题名: |
电子元器件
|
|
| 作者: | 王文秀 , 龙开源 编 | |
| 分册: | ||
| 出版信息: | 北京 人民邮电出版社 1985 |
|
| 页数: | 222页 | |
| 开本: | 19cm | |
| 丛书名: | 通信技术业务知识丛书 | |
| 单 册: | ||
| 中图分类: | TN103 | |
| 科图分类: | ||
| 主题词: | 电子元件 , 真空电子技术 | |
| 电子资源: | ||
| ISBN: | ||
| 000 | 00754nam2 2200277 45 | |
| 001 | 0185020634 | |
| 005 | 20060511144856.32 | |
| 010 | @dCNY1.10 | |
| 091 | @a15045.总3022-有5412 | |
| 100 | @a19900921d1985 em y0chiy0121 ea | |
| 101 | 0 | @achi |
| 102 | @aCN@b320000 | |
| 105 | @ay z 000yy | |
| 200 | 10 | @a电子元器件@Adian zi yuan qi jian@f王文秀,龙开源编@FWang Wen Xiu,Long Kai Yuan Bian |
| 210 | @a北京@c人民邮电出版社@d1985 | |
| 215 | @a222页@d19cm | |
| 225 | 2 | @a通信技术业务知识丛书 |
| 410 | 0 | @120010@a通信技术业务知识丛书 |
| 606 | @a电子元件 | |
| 606 | 0 | @a真空电子技术 |
| 690 | @aTN103@v3 | |
| 701 | 0 | @a王文秀@4编 |
| 701 | 0 | @a龙开源@4编 |
| 801 | 2 | @aCN@bNLC@c20060511 |
| 801 | 0 | @aCN@b深圳图书馆@c20040520 |
| 905 | @dTN103@e37 | |
| 电子元器件/王文秀,龙开源编.-北京:人民邮电出版社,1985 |
| 222页;19cm.-(通信技术业务知识丛书) |
| ISBN :CNY1.10 |
| ● |
| 相关链接 |
|
|
|
|
正题名:电子元器件
索取号:TN103/37
 
预约/预借
| 序号 | 登录号 | 条形码 | 馆藏地/架位号 | 状态 | 备注 |
| 1 | 0142046 | 001349419 | 第三借阅区/ [索取号:TN103/37] | 在馆 | |
| 2 | 0142047 | 000700977 | 密集书库/ [索取号:TN103/37] | 在馆 | |
| 3 | 0142048 | 001351600 | 第三借阅区/ [索取号:TN103/37] | 在馆 | |
| 4 | 0142049 | 001349491 | 密集书库/ [索取号:TN103/37] | 在馆 | |
| 5 | 0142050 | 001349455 | 第三借阅区/ [索取号:TN103/37] | 在馆 | |
| 6 | 0142051 | 000701360 | 密集书库/ [索取号:TN103/37] | 在馆 | |
| 7 | 0142052 | 202105140 | 第二样本阅览室/ [索取号:TN103/37] | 在馆 |